100 Polskich Raperów po Piosenkach - Statystyki

Ogólne statystyki
  • Ten quiz został rozwiązany 583 razy
  • Średni wynik to 50 z 100
Statystyki odpowiedzi
Hint Odpowiedź % Poprawnych
Disney Kizo
96%
1998 (mam to we krwi) Bedoes
92%
La la la (oh oh) Mata
91%
Anioły i Demony Tymek
91%
California White 2115
91%
Robię Yeah Malik Montana
87%
Hinata Szpaku
85%
Polskie Tango Taco Hemingway
84%
Złote Tarasy Mr Polska
83%
Zorza Quebonafide
82%
Wodospady Popek
80%
Blask Reto
77%
Pogba Young Multi
77%
Hood Angel Żabson
77%
Casablanca Blacha
76%
WIFI Guzior
76%
Wiking Sarius
76%
Fake Love Smolasty
76%
Buzi Young Igi
76%
WHOOP Oki
74%
4 Pory Roku Qbik
73%
Nie, Nie Otsochodzi
72%
Lady Pank 2 Kubańczyk
70%
Tryb Samolotowy Jan Rapowanie
68%
FEFE Kabe
68%
Przegrałem z Fukajem Fukaj
66%
Bierz Do Buzi Qry
65%
Na Ulicy Białas
64%
Hot Coffee Schafter
63%
Ukryty w Mieście Krzyk Pezet
62%
Powww! Sentino
62%
Ostatni Snap Solar
61%
Kapitan Wac Toja
61%
Narcyz Chivas
60%
Dementor Filipek
60%
T-Killa Tede
60%
Koszmar Minionego Lata Kartky
59%
Nie Teraz Sobel
59%
Czarny Eminem Alberto
58%
Szacunek Ludzi Ulicy Peja
58%
SOR Paluch
56%
Si Kali
55%
Dres Miszel
53%
Surfer Be Vis
52%
Antonio Banderas Diho
52%
Wuwua Josef Bratan
52%
Artysta z ASP Kacperczyk
52%
Cesarz Kękę
52%
Testarossa Wiatr
52%
Popstar/Rockstar Beteo
50%
Ona To Ziomal PlanBe
50%
Chcemy Być Wyżej Sitek
50%
Cześć Sokół
48%
Miś Borixon
47%
Moizdrajcy.com Deys
47%
Clint Eastwood Słoń
46%
Mów Mi D.ave Kaen
45%
Jeszcze Będzie Hajc Sobota
45%
ABCD Zeamsone
45%
Blueface Kaz Bałagane
44%
Kodeks Marki Olszakumpel
44%
Zimna Jak Lód B.R.O
43%
Do Końca Zbuku
43%
Panamera Gedz
39%
Jak Mam Żyć Avi
38%
Naprawimy To Grubson
38%
Na Forach Rusina
38%
Ey Znowu To Mam Trill Pem
38%
Queen Jacuś
37%
Bezprawie Lipa
37%
Dziecko Kinny Zimmer
36%
Idol Janusz Walczuk
35%
Obok Ty Lanek
35%
Prawo Ponad Prawem Bezczel
34%
Oh No Hodak
32%
Lubię Być Sam O.S.T.R
32%
Hymn Ulicy Bonus RPK
31%
Hestia Adi Nowak
30%
El Polako DonGuralesko
30%
Awake Merghani
30%
Bohaterowie Podwórek Zetha
30%
Cargo Bibić
28%
Bletka Opał
27%
Dziś Się Czuję Jak To Zwierzę Hinol Polska Wersja
23%
Diabeł Dedis
22%
Osiedlowa Lambada Joda
21%
Once Or Twice Waima
21%
Nie Pytaj o Nią Eldo
20%
Zabrać Cię na Koniec Świata Fokus
20%
Mr.Deeds Moli
19%
Fikcja Kuqe 2115
18%
Lecę Major SPZ
18%
Fałszywka Małach
17%
Przystanek Intruz
16%
Momenty Arab
15%
Znikam Magik
15%
Drogi Dres Małpa
15%
Moja Autobiografia Liroy
12%
Anioł Siles
12%
Zgniłych Sumień Cmentarz Pih
10%
Nie znaleziono quizów pasujących do podanych kryteriów
Rozkład punktacji
Procent ludzi z każdym wynikiem
Percentyl według liczby udzielonych odpowiedzi
Twoja historia wyników
Nie rozwiązałeś tego quizu